00343nam a2200145Ia 4500008004100000020001800041082000800059100002300067245002200090250000600112260002800118300001000146500002400156650001700180230524s9999 xx 000 0 und d a9789350642795 bKAL aA.P.J. Abdul Kalam 0aForge Your Future a1 aNew DelhibRajpaic2014 a222p; aQuantity Number: 1 aMisalliance